000 00676nam a2200169Ia 4500
008 100122s9999 xx 000 0 und d
082 _b43641
_a801.95
100 _aसावरकर विनायक दामोदर
245 _aसावरकरांचे साहित्य चिंतन ( क.क्र.26/4 )
250 _a0
260 _bसंजय दलाल
_c1984
300 _a140
630 _aसावरकरांचे साहित्य चिंतन ( क.क्र.26/4 )
700 _aगावडे
730 _aसावरकरांचे साहित्य चिंतन ( क.क्र.26/4 )
942 _cBOOK
999 _c423660
_d423657